[Event "Nuremberg Zabo op 16th"]
[Site "Nuremberg"]
[Date "2014.09.19"]
[Round "1"]
[White "Mueller, Ludwig"]
[Black "Kammer, Christoph"]
[Result "0-1"]
[WhiteElo "1601"]
[BlackElo "2054"]
[PlyCount "110"]
[EventDate "2014.09.19"]
[EventType "swiss"]
[EventRounds "5"]
[EventCountry "GER"]
[SourceTitle "EXT 2018"]
[Source "ChessBase"]
[SourceDate "2017.10.13"]
[SourceVersion "1"]
[SourceVersionDate "2017.10.13"]
[SourceQuality "1"]

1. Nf3 f5 2. b3 Nf6 3. Bb2 e6 4. e3 Be7 5. c4 d6 6. Be2 0-0 7. 0-0 e5 8. d4 e4 9. Nfd2 Na6 10. a3 c6 11. Nc3 Nc7 12. f3 exf3 13. Bxf3 d5 14. Qc2 Re8 15. Rfe1 Bd6 16. g3 Be6 17. Nf1 dxc4 18. bxc4 Bxc4 19. Qxf5 Rf8 20. Qc2 Ne6 21. Nd2 Ng5 22. Bg2 Be6 23. Nde4 Nfxe4 24. Nxe4 Nf3+ 25. Bxf3 Rxf3 26. Nxd6 Qxd6 27. Qe2 Bg4 28. Qc4+ Kh8 29. Qc2 Bh3 30. e4 Raf8 31. e5 Qd5 32. Bc3 Rxc3 33. Qe4 Qxe4 34. Rxe4 Rxa3 35. Ree1 Rxa1 36. Rxa1 Kg8 37. Re1 Kf7 38. Kf2 Ke6+ 39. Ke3 Kd5 40. Kd3 a5 41. Rc1 b6 42. Ke3 Bg4 43. Rb1 b5 44. Rc1 Rf3+ 45. Kd2 a4 46. Rc5+ Kxd4 47. Rxc6 Kd5 48. Rb6 Rb3 49. Rb7 a3 50. Kc2 Rb2+ 51. Kc1 Bf5 52. Ra7 b4 53. Ra5+ Kd4 54. Ra8 Rxh2 55. Rd8+ Kc3 0-1

[Event "Pyramiden Franken Cup"]
[Site "Fuerth"]
[Date "2014.09.05"]
[Round "2"]
[White "Kammer, Christoph"]
[Black "Schmitz, Tim"]
[Result "1-0"]
[WhiteElo "2017"]
[BlackElo "1865"]
[PlyCount "67"]
[EventDate "2014.09.04"]
[EventType "swiss"]
[EventRounds "7"]
[EventCountry "GER"]
[SourceTitle "CBM 162 Extra"]
[Source "ChessBase"]
[SourceDate "2014.10.17"]
[SourceVersion "1"]
[SourceVersionDate "2014.10.17"]
[SourceQuality "1"]

1. e4 c5 2. Nc3 d6 3. f4 g6 4. Nf3 Bg7 5. Bb5+ Bd7 6. Bc4 Nc6 7. 0-0 e6 8. d3 Nge7 9. f5 Ne5 10. fxe6 Bxe6 11. Bxe6 fxe6 12. Nxe5 Bxe5 13. Qf3 Kd7 14. Qh3 Rf8 15. Bg5 Rxf1+ 16. Rxf1 Qg8 17. Qf3 h6 18. Be3 Bg7 19. Rd1 Rf8 20. Qh3 Qf7 21. Ne2 Nc6 22. c3 Ne5 23. d4 cxd4 24. Nxd4 Nc4 25. b3 Nb2 26. Rb1 Nd3 27. Qg4 Ne5 28. Qe2 a6 29. Rd1 h5 30. h3 h4 31. Bg5 Kc7 32. Bxh4 Bh6 33. Bg3 Bf4 34. Bxf4 1-0

[Event "Pyramiden Franken Cup"]
[Site "Fuerth"]
[Date "2014.09.05"]
[Round "3"]
[White "Seyb, Alexander"]
[Black "Kammer, Christoph"]
[Result "1-0"]
[WhiteElo "2374"]
[BlackElo "2017"]
[PlyCount "43"]
[EventDate "2014.09.04"]
[EventType "swiss"]
[EventRounds "7"]
[EventCountry "GER"]
[SourceTitle "CBM 162 Extra"]
[Source "ChessBase"]
[SourceDate "2014.10.17"]
[SourceVersion "1"]
[SourceVersionDate "2014.10.17"]
[SourceQuality "1"]

1. e4 Nf6 2. e5 Nd5 3. d4 Nb6 4. c4 d6 5. exd6 cxd6 6. Nc3 g6 7. Be3 Bg7 8. Rc1 Nc6 9. b3 0-0 10. d5 Nb4 11. a3 Na6 12. Be2 Bf5 13. Nf3 Nc5 14. Bd4 Bh6 15. Be3 Bxe3 16. fxe3 Nbd7 17. 0-0 Nf6 18. b4 Nce4 19. Nxe4 Bxe4 20. Qd4 Qb6 21. Nd2 Rfe8 22. c5 1-0

[Event "Stuttgart-chA int"]
[Site "Ditzingen"]
[Date "2013.05.11"]
[Round "5"]
[White "Von Zimmermann, Georg"]
[Black "Kammer, Christoph"]
[Result "1-0"]
[WhiteElo "2070"]
[BlackElo "1968"]
[PlyCount "97"]
[EventDate "2013.05.09"]
[EventType "swiss"]
[EventRounds "7"]
[EventCountry "GER"]
[SourceTitle "EXT 2014"]
[Source "ChessBase"]
[SourceDate "2013.11.20"]
[SourceVersion "1"]
[SourceVersionDate "2013.11.20"]
[SourceQuality "1"]

1. e4 c5 2. Nf3 g6 3. Bc4 Bg7 4. 0-0 Nc6 5. c3 e6 6. Re1 Qc7 7. Bf1 Nge7 8. d4 cxd4 9. cxd4 d5 10. e5 0-0 11. Bg5 Qb6 12. Qd2 Nf5 13. Rd1 f6 14. exf6 Bxf6 15. Bxf6 Rxf6 16. Nc3 Qd8 17. Na4 Nd6 18. Nc5 b6 19. Nd3 Ne4 20. Qe3 Qf8 21. Rac1 Bb7 22. Rc2 Rf7 23. Rdc1 Rc8 24. Nde5 Rfc7 25. Bb5 Qd6 26. Qa3 Nxe5 27. Qxd6 Nxd6 28. Rxc7 Nxf3+ 29. gxf3 Nxb5 30. Rxc8+ Bxc8 31. Rxc8+ Kg7 32. Kg2 Kf6 33. Rf8+ Ke7 34. Ra8 Kf6 35. a4 Nxd4 36. Rxa7 Nb3 37. Rb7 Nc5 38. Rxb6 Nxa4 39. Rb5 Ke5 40. Kf1 Kd6 41. Ke2 Kc6 42. Rb8 e5 43. Kd2 d4 44. Kc2 Kd5 45. Rh8 Nc5 46. Rxh7 e4 47. fxe4+ Kxe4 48. b4 d3+ 49. Kd1 1-0

[Event "Regionalliga NO 9899"]
[Site "Bayern"]
[Date "1998.??.??"]
[Round "3.6"]
[White "Boca, Harald"]
[Black "Kammer, Christoph"]
[Result "1-0"]
[WhiteElo "1970"]
[BlackElo "2060"]
[PlyCount "37"]
[EventDate "1998.??.??"]
[EventType "team-tourn"]
[EventRounds "9"]
[EventCountry "GER"]
[SourceTitle "EXT 2020"]
[Source "ChessBase"]
[SourceDate "2019.10.17"]
[SourceVersion "1"]
[SourceVersionDate "2019.10.17"]
[SourceQuality "1"]
[WhiteTeam "Regensburg Fortuna II"]
[BlackTeam "Regensburg DJK II"]
[WhiteTeamCountry "GER"]
[BlackTeamCountry "GER"]

1. d4 Nf6 2. c4 c5 3. e3 g6 4. Nc3 Bg7 5. Nf3 0-0 6. Be2 d6 7. 0-0 Qb6 8. b3 Nc6 9. Bb2 Bf5 10. d5 Nb4 11. Rc1 Ne4 12. Na4 Bxb2 13. Nxb6 axb6 14. a4 Nc3 15. Qd2 Bxc1 16. Qxc3 Ba3 17. g4 Be4 18. Nd2 Nxd5 19. cxd5 1-0

[Event "Landesliga Nord 9798"]
[Site "Bayern"]
[Date "1998.??.??"]
[Round "?.4"]
[White "Gehlert, Klaus"]
[Black "Kammer, Christoph"]
[Result "0-1"]
[WhiteElo "2055"]
[BlackElo "2105"]
[PlyCount "130"]
[EventDate "1997.10.19"]
[EventType "team-tourn"]
[EventRounds "9"]
[EventCountry "GER"]
[SourceTitle "EXT 2020"]
[Source "ChessBase"]
[SourceDate "2019.10.17"]
[SourceVersion "1"]
[SourceVersionDate "2019.10.17"]
[SourceQuality "1"]
[WhiteTeam "Wuerzburg II"]
[BlackTeam "Regensburg DJK II"]
[WhiteTeamCountry "GER"]
[BlackTeamCountry "GER"]

1. d4 Nf6 2. c4 c5 3. d5 b5 4. cxb5 a6 5. bxa6 Bxa6 6. Nc3 g6 7. e4 Bxf1 8. Kxf1 d6 9. Nf3 Nbd7 10. h3 Bg7 11. Kg1 0-0 12. Kh2 Qa5 13. Re1 Rfb8 14. Re2 Ne8 15. Rc2 Nc7 16. Bg5 Nf6 17. Rac1 Na6 18. Re2 Rb7 19. a3 Rab8 20. Rcc2 Ne8 21. Qc1 Nac7 22. Bh6 Na8 23. Nd1 Nb6 24. Bxg7 Kxg7 25. Ne3 Qa6 26. Ng4 Nf6 27. Qh6+ Kg8 28. Ng5 Nbd7 29. f4 Nxg4+ 30. hxg4 Nf6 31. Qh4 h6 32. Nf3 Kg7 33. Rcd2 Rh8 34. Kg3 Qc4 35. Rc2 Nxe4+ 36. Kh2 Qxd5 37. Rc1 Nf6 38. Rce1 h5 39. g5 Ng4+ 40. Kh1 Re8 41. Rd2 Qf5 42. Qg3 Rb3 43. Rxd6 h4 44. Nxh4 Rxg3 45. Nxf5+ gxf5 46. Rd5 Rh8+ 47. Kg1 Rh2 48. Rd2 e6 49. Rc1 Rb3 50. Rxc5 Rb8 51. Rc7 Rbh8 52. Kf1 Ne3+ 53. Kg1 Nd5 54. Rc4 R8h4 55. b3 Rh1+ 56. Kf2 Rb1 57. b4 Nxf4 58. Rc7 Nd5 59. Ra7 Rf4+ 60. Kg3 Rg4+ 61. Kf2 Rf4+ 62. Kg3 Rb3+ 63. Kh2 Ne3 64. g3 Nf1+ 65. Kg2 Rxg3+ 0-1

[Event "Landesliga Nord 9798"]
[Site "Bayern"]
[Date "1997.??.??"]
[Round "?.6"]
[White "Finster, Michael"]
[Black "Kammer, Christoph"]
[Result "1/2-1/2"]
[WhiteElo "2115"]
[BlackElo "2075"]
[PlyCount "102"]
[EventDate "1997.10.19"]
[EventType "team-tourn"]
[EventRounds "9"]
[EventCountry "GER"]
[SourceTitle "EXT 2020"]
[Source "ChessBase"]
[SourceDate "2019.10.17"]
[SourceVersion "1"]
[SourceVersionDate "2019.10.17"]
[SourceQuality "1"]
[WhiteTeam "Nuernberg Sued SW"]
[BlackTeam "Regensburg DJK II"]
[WhiteTeamCountry "GER"]
[BlackTeamCountry "GER"]

1. e4 c5 2. Nc3 d6 3. g3 Nc6 4. Bg2 Nf6 5. d3 g6 6. h3 Bg7 7. Be3 Rb8 8. Qd2 h6 9. Nge2 Bd7 10. 0-0 Qc8 11. Kh2 h5 12. Nd5 h4 13. Nxf6+ Bxf6 14. g4 Bxb2 15. Rae1 Bg7 16. f4 Nd4 17. f5 Be5+ 18. Bf4 Bxf4+ 19. Qxf4 gxf5 20. Nxd4 cxd4 21. exf5 Qc5 22. Qg5 d5 23. Rf2 Qd6+ 24. Kh1 Kd8 25. Rfe2 Qf6 26. Qd2 Rc8 27. g5 Qxf5 28. Rxe7 b6 29. R1e5 Qg6 30. Qf2 Re8 31. Rxe8+ Bxe8 32. Rxd5+ Bd7 33. Qxd4 Qe6 34. Re5 Qxa2 35. c4 Qb1+ 36. Kh2 Qc1 37. Re3 Qa3 38. Qf6+ Kc7 39. Qxf7 Qd6+ 40. Kh1 Rf8 41. Qd5 Qxd5 42. Bxd5 Rf5 43. Re4 Rxg5 44. Kh2 Rg3 45. Rxh4 Rxd3 46. Rh8 Rxh3+ 47. Rxh3 Bxh3 48. Kxh3 Kd6 49. Kg3 a5 50. Kf4 a4 51. Ke4 a3 1/2-1/2

[Event "Landesliga Nord 9596"]
[Site "Bayern"]
[Date "1996.??.??"]
[Round "?"]
[White "Vojtech, Jaroslav"]
[Black "Kammer, Christoph"]
[Result "1-0"]
[WhiteElo "2280"]
[BlackElo "2035"]
[PlyCount "43"]
[EventDate "1995.10.??"]
[EventType "team-tourn"]
[EventRounds "9"]
[EventCountry "GER"]
[SourceTitle "EXT 2020"]
[Source "ChessBase"]
[SourceDate "2019.10.17"]
[SourceVersion "1"]
[SourceVersionDate "2019.10.17"]
[SourceQuality "1"]
[WhiteTeam "Bindlach"]
[BlackTeam "Regensburg DJK II"]
[WhiteTeamCountry "GER"]
[BlackTeamCountry "GER"]

1. e4 c5 2. Nf3 d6 3. c3 Nf6 4. Be2 Nc6 5. d4 cxd4 6. cxd4 Nxe4 7. d5 Qa5+ 8. Nc3 Nb8 9. 0-0 Nxc3 10. bxc3 Nd7 11. c4 Nf6 12. Bb2 g6 13. Bxf6 exf6 14. Bd3 Bh6 15. Re1+ Kf8 16. Nd4 Bf4 17. Qf3 Be5 18. Rxe5 fxe5 19. Qf6 Kg8 20. Nb5 Qd2 21. Nxd6 Qf4 22. Bf5 1-0